000 00415pab a2200157 454500
008 180718b2002 xxu||||| |||| 00| 0 eng d
100 _aLee, C.
245 _aTelecommunications reforms in Malaysia
260 _c2002
300 _ap.521-40.
362 _aDec
650 _aTelecommunications - Malaysia
650 _aTelecommunications
773 _aAnnals of Public and Cooperative Economics
909 _a55504
999 _c55504
_d55504